| 000 | 00480nam a2200133Ia 4500 | ||
|---|---|---|---|
| 008 | 151021s9999 xx 000 0 und d | ||
| 050 | _aS 605. 2 K415 1987 | ||
| 245 | _a_Irrigation policy in Kenya and Zimbabwe | ||
| 260 | _aNairobi Institute for development studies | ||
| 300 | _av, 420p. :ills. | ||
| 650 | _a_Proceedings of the second intermediate seminar on irrigation farming in Kenya and Zimbabwe | ||
| 700 | _a_Rukuni Mandivamba | ||
| 980 | _a^d20110121 12:54:42^okorir | ||
| 999 |
_c5950 _d5950 |
||